ბათუმის შოთა რუსთაველის სახელმწიფო უნივერსიტეტის ბიბლიოთეკა

Руководство к практическим занятиям по курсу. (ბიბ.ჩანაწერი № 47302)

000 -LEADER
fixed length control field 00775nam a2200217Ia 4500
001 - CONTROL NUMBER
control field 14163
003 - CONTROL NUMBER IDENTIFIER
control field GE_BSU
008 - FIXED-LENGTH DATA ELEMENTS--GENERAL INFORMATION
fixed length control field 181216s||||||||xx |||||||||||||| ||und||
040 ## - CATALOGING SOURCE
Transcribing agency GE_BSU
080 ## - UNIVERSAL DECIMAL CLASSIFICATION NUMBER
Universal Decimal Classification number 624.04(075.8)
100 ## - MAIN ENTRY--PERSONAL NAME
Personal name Клеина,Г.К. Леонтьев,Н.Н. Ванюшенков,М.Г. и др.
245 ## - TITLE STATEMENT
Title Руководство к практическим занятиям по курсу.
245 ## - TITLE STATEMENT
Statement of responsibility, etc. Под ред. Г.К.Клеина, ред. Т.М.Минаева.
250 ## - EDITION STATEMENT
Edition statement 4-е изд., перераб. и доп.
260 ## - PUBLICATION, DISTRIBUTION, ETC.
Place of publication, distribution, etc. М.
260 ## - PUBLICATION, DISTRIBUTION, ETC.
Name of publisher, distributor, etc. Высшая школа.
260 ## - PUBLICATION, DISTRIBUTION, ETC.
Date of publication, distribution, etc. 1980.
300 ## - PHYSICAL DESCRIPTION
Extent 384стр. с илл.
653 ## - INDEX TERM--UNCONTROLLED
Uncontrolled term Руководство к практическим занятиям по курсу.
942 ## - ADDED ENTRY ELEMENTS (KOHA)
Koha item type წიგნი
ეგზემპლარები
Withdrawn status Lost status Damaged status Not for loan Date acquired Barcode Date last seen Price effective from Koha item type
        2018-12-17 9994 2018-12-17 2018-12-17 წიგნი